The valuation file (Record no. 107905)

MARC details
000 -LEADER
fixed length control field 01144cad a22001815a 4500
001 - CONTROL NUMBER
control field L142503
008 - FIXED-LENGTH DATA ELEMENTS--GENERAL INFORMATION
fixed length control field 080219s2008 xxk f 000 0 eng d
035 ## - SYSTEM CONTROL NUMBER
System control number (Sirsi) u142503
041 0# - LANGUAGE CODE
Language code of text/sound track or separate title eng
100 1# - MAIN ENTRY--PERSONAL NAME
Personal name Mortimer, Michael
245 04 - TITLE STATEMENT
Title The valuation file
Medium [electronic resource]
260 ## - PUBLICATION, DISTRIBUTION, ETC.
Place of publication, distribution, etc. London
Name of publisher, distributor, etc. RICS
Date of publication, distribution, etc. 2008
520 ## - SUMMARY, ETC.
Summary, etc. The first article in a series on risk management for valuation work, this article gives an overview and general guidance on the key stages of a typical valuation job. Considers the humdrum but vital role of the valuation file and how it should be managed. Concludes that when challenged to substantiate a valuation, even the best practitioners can find themselves in difficulties if the file does not provide sufficient evidence. The importance of maintaining a comprehensive file cannot be emphasised strongly enough: it can make a vital difference in defending a claim.
651 #4 - SUBJECT ADDED ENTRY--GEOGRAPHIC NAME
Geographic name United Kingdom
Chronological subdivision
690 ## - LOCAL SUBJECT ADDED ENTRY--TOPICAL TERM (OCLC, RLIN)
Topical term or geographic name as entry element PROPERTY-PROPERTY APPRAISAL AND VALUATION
856 40 - ELECTRONIC LOCATION AND ACCESS
Uniform Resource Identifier <a href="https://www.rics.org/RICSWEB/getpage.aspx?p=Wz43I4oRSkq94EiYIEuzFQ">https://www.rics.org/RICSWEB/getpage.aspx?p=Wz43I4oRSkq94EiYIEuzFQ</a>
Hours access method available zView the document free of charge at www.rics.org...
942 ## - ADDED ENTRY ELEMENTS (KOHA)
Suppress in OPAC 0
Holdings
Withdrawn status Lost status Source of classification or shelving scheme Damaged status Not for loan Home library Current library Shelving location Date acquired Total Checkouts Full call number Barcode Date last seen Copy number Price effective from Koha item type
    Dewey Decimal Classification     Virtual Virtual Online 19/02/2008   L142503 142503-1001 06/08/2019 1 06/08/2019 Book